[Event "AUTO-MASTER-2360"]
[Site "http://www.queenalice.com/game.php?id=1383757"]
[Date "2015.9.17"]
[Round "1"]
[White "valdekovic"]
[Black "mandaragit"]
[Result "0-1"]
[WhiteElo "1733"]
[BlackElo "2269"]

1. d4 Nf6 2. Nf3 g6 3. g3 Bg7 4. Bg2 O-O 5. O-O d6 6. Re1 Nbd7 7. e4 e5 8. dxe5
dxe5 9. Nc3 c6 10. h3 Re8 0-1

[Event "AUTO-MASTER-2360"]
[Site "http://www.queenalice.com/game.php?id=1383770"]
[Date "2015.9.17"]
[Round "1"]
[White "favelas1"]
[Black "valdekovic"]
[Result "1-0"]
[WhiteElo "2363"]
[BlackElo "1820"]

1. d4 d5 2. Nf3 e6 3. c4 dxc4 4. e3 a6 5. Bxc4 Nf6 6. O-O c5 7. a4 Be7 8. Nc3
O-O 9. Qe2 Nc6 10. Rd1 Qc7 11. h3 b6 12. d5 exd5 13. Bxd5 Bb7 14. e4 Rfe8 15.
Bxf7+ Kxf7 16. Ng5+ Kg6 17. f4 1-0

[Event "AUTO-MASTER-2360"]
[Site "http://www.queenalice.com/game.php?id=1383771"]
[Date "2015.9.17"]
[Round "1"]
[White "valdekovic"]
[Black "favelas1"]
[Result "0-1"]
[WhiteElo "1818"]
[BlackElo "2364"]

1. d4 Nf6 2. Nf3 d5 3. c4 c6 4. cxd5 cxd5 5. Nc3 Nc6 6. Bf4 e6 7. e3 Bd6 8. Bg3
O-O 9. a3 b6 10. Bxd6 Qxd6 11. Bb5 Bd7 12. O-O Na5 13. Be2 a6 14. Ne5 b5 15. f4
Nc4 16. Rb1 Nxe3 17. Qd3 Nxf1 18. Rxf1 b4 0-1

[Event "AUTO-MASTER-2360"]
[Site "http://www.queenalice.com/game.php?id=1383780"]
[Date "2015.9.17"]
[Round "1"]
[White "valdekovic"]
[Black "stoyan1"]
[Result "0-1"]
[WhiteElo "1816"]
[BlackElo "2048"]

1. Nf3 Nc6 2. e4 e5 3. Bb5 Nd4 4. Nxd4 exd4 5. O-O c6 6. Ba4 b5 7. Bb3 g6 8. c3
Bg7 9. f4 Ne7 10. f5 f6 11. d3 d5 12. Nd2 dxc3 13. bxc3 O-O 14. a4 Bb7 15. axb5
cxb5 0-1

[Event "AUTO-MASTER-2360"]
[Site "http://www.queenalice.com/game.php?id=1383781"]
[Date "2015.9.17"]
[Round "1"]
[White "stoyan1"]
[Black "valdekovic"]
[Result "1-0"]
[WhiteElo "2055"]
[BlackElo "1809"]

1. e4 c5 2. Nf3 d6 3. c4 Nf6 4. Nc3 g6 5. Bd3 Bg7 6. h3 O-O 7. a3 Nc6 8. O-O h6
9. Re1 Be6 10. Nd5 Kh7 11. Nf4 Bd7 12. b3 e5 13. Nd5 Nxd5 14. exd5 Ne7 15. Rb1
1-0

[Event "AUTO-OPEN-3480"]
[Site "http://www.queenalice.com/game.php?id=1383829"]
[Date "2015.9.17"]
[Round "2"]
[White "seega"]
[Black "valdekovic"]
[Result "1-0"]
[WhiteElo "2329"]
[BlackElo "1610"]

1. Nf3 d5 2. d4 Nf6 3. c4 dxc4 4. Qa4+ Bd7 5. Qxc4 e6 6. g3 Bc6 7. Bg2 Be7 8.
O-O O-O 9. Nc3 Nbd7 10. Re1 Nb6 11. Qd3 Bb4 12. Ne5 Bxg2 13. Kxg2 h6 14. e4 1-0

[Event "AUTO-OPEN-3480"]
[Site "http://www.queenalice.com/game.php?id=1383830"]
[Date "2015.9.17"]
[Round "2"]
[White "valdekovic"]
[Black "seega"]
[Result "0-1"]
[WhiteElo "1612"]
[BlackElo "2328"]

1. d4 Nf6 2. Nf3 b6 3. g3 Bb7 4. Bg2 e6 5. O-O c5 6. c4 cxd4 7. Nxd4 Bxg2 8.
Kxg2 d5 9. Nc3 Bc5 10. Be3 O-O 11. cxd5 Nxd5 12. Nxd5 Qxd5+ 13. f3 Nc6 0-1

[Event "AUTO-OPEN-3542"]
[Site "http://www.queenalice.com/game.php?id=1383969"]
[Date "2015.9.18"]
[Round "1"]
[White "valdekovic"]
[Black "Eduardomoreto67"]
[Result "0-1"]
[WhiteElo "1636"]
[BlackElo "2201"]

1. Nf3 c5 2. e4 d6 3. d4 cxd4 4. Nxd4 Nf6 5. Nc3 a6 6. Be2 e6 7. Be3 Bd7 8. O-O
Qc7 9. Kh1 Nc6 10. f4 Be7 11. Bf3 O-O 12. Qe1 e5 13. Nf5 Bxf5 14. exf5 Nb4 15.
Rc1 d5 16. fxe5 Qxe5 17. Bg1 Qd6 18. a3 Nc6 19. Rd1 Ne5 20. Bxd5 Nxd5 21. Rxd5
Qh6 22. Qxe5 Bf6 0-1

[Event "AUTO-OPEN-3542"]
[Site "http://www.queenalice.com/game.php?id=1383970"]
[Date "2015.9.18"]
[Round "1"]
[White "Eduardomoreto67"]
[Black "valdekovic"]
[Result "1-0"]
[WhiteElo "2200"]
[BlackElo "1638"]

1. e4 c5 2. Nf3 d6 3. d4 cxd4 4. Nxd4 Nf6 5. Nc3 a6 6. Be2 e5 7. Nb3 Be7 8. Be3
Be6 9. O-O Nbd7 10. f4 Qc7 11. f5 Bxb3 12. axb3 Nc5 13. Bxc5 Qxc5+ 14. Kh1 Rd8
15. g4 d5 16. exd5 Nxd5 17. Nxd5 Rxd5 18. Qb1 Rd2 19. Bf3 Qc7 20. Be4 O-O 21. c4
Rfd8 22. Qc1 Bg5 23. Qc3 Bf4 24. Bg2 R8d3 25. Qb4 1-0

[Event "AUTO-OPEN-3542"]
[Site "http://www.queenalice.com/game.php?id=1383971"]
[Date "2015.9.18"]
[Round "1"]
[White "valdekovic"]
[Black "tewald"]
[Result "0-1"]
[WhiteElo "1901"]
[BlackElo "1995"]

1. e4 e6 2. d4 d5 3. exd5 exd5 4. Bd3 Nc6 5. c3 Bd6 6. h3 Be6 7. Nf3 Nf6 8. O-O
Qd7 9. Re1 O-O-O 10. Bf1 h6 11. Be3 Bxh3 12. gxh3 g5 13. Nh2 Ne4 14. Bg2 f5 15.
Nd2 Bxh2+ 16. Kxh2 f4 0-1

[Event "AUTO-OPEN-3542"]
[Site "http://www.queenalice.com/game.php?id=1383972"]
[Date "2015.9.18"]
[Round "1"]
[White "tewald"]
[Black "valdekovic"]
[Result "1-0"]
[WhiteElo "1982"]
[BlackElo "1914"]

1. d4 d5 2. Bf4 Nf6 3. Nf3 g6 4. e3 Bg7 5. h3 O-O 6. c4 c6 7. Nc3 h6 8. c5 Nbd7
9. Bd3 Nh5 10. Bh2 Re8 11. b4 e5 12. O-O e4 13. Be2 exf3 14. Bxf3 Nhf6 15. a4
Ne4 16. Nxe4 dxe4 17. Be2 1-0

[Event "AUTO-OPEN-3542"]
[Site "http://www.queenalice.com/game.php?id=1383973"]
[Date "2015.9.18"]
[Round "1"]
[White "valdekovic"]
[Black "Karjaking"]
[Result "0-1"]
[WhiteElo "1571"]
[BlackElo "1809"]

1. e4 d6 2. d4 Nf6 3. Nc3 g6 4. f4 Bg7 5. Nf3 O-O 6. Be2 Nbd7 7. O-O c5 8. d5 e5
9. fxe5 Nxe5 10. Nxe5 dxe5 11. Bg5 Qb6 12. Qc1 Bg4 0-1

[Event "AUTO-OPEN-3542"]
[Site "http://www.queenalice.com/game.php?id=1383974"]
[Date "2015.9.18"]
[Round "1"]
[White "Karjaking"]
[Black "valdekovic"]
[Result "1-0"]
[WhiteElo "1815"]
[BlackElo "1565"]

1. e4 c5 2. d4 cxd4 3. c3 dxc3 4. Nxc3 Nc6 5. Nf3 e6 6. Bc4 a6 7. Be3 d6 8. O-O
Nf6 9. Qe2 Be7 10. Rfd1 Qc7 11. Bf4 b5 12. Bb3 Bb7 13. e5 1-0

[Event "AUTO-OPEN-3481"]
[Site "http://www.queenalice.com/game.php?id=1384478"]
[Date "2015.9.21"]
[Round "2"]
[White "Spessatto"]
[Black "valdekovic"]
[Result "1-0"]
[WhiteElo "2080"]
[BlackElo "1644"]

1. d4 Nf6 2. h3 e6 3. Nf3 c5 4. Bf4 Nc6 5. e3 Qb6 6. Qc1 cxd4 7. exd4 d5 8. c3
Be7 9. Bd3 O-O 10. O-O Bd7 11. Nbd2 Rac8 12. Ne5 Nb4 13. Qb1 Nxd3 14. Nxd3 Bb5
15. Re1 Bd6 16. Bg5 1-0

[Event "AUTO-OPEN-3481"]
[Site "http://www.queenalice.com/game.php?id=1384479"]
[Date "2015.9.21"]
[Round "2"]
[White "valdekovic"]
[Black "Spessatto"]
[Result "0-1"]
[WhiteElo "2109"]
[BlackElo "1995"]

1. Nf3 Nc6 2. e4 e5 3. Bb5 Nge7 4. c3 a6 5. Ba4 b5 6. Bb3 Ng6 7. O-O Bc5 8. d4
exd4 9. cxd4 Ba7 10. Re1 O-O 11. Bg5 Nce7 12. Nbd2 h6 0-1

[Event "AUTO-OPEN-3481"]
[Site "http://www.queenalice.com/game.php?id=1384484"]
[Date "2015.9.21"]
[Round "2"]
[White "valdekovic"]
[Black "favelas1"]
[Result "0-1"]
[WhiteElo "1803"]
[BlackElo "2365"]

1. Nf3 d5 2. g3 g6 3. Bg2 c5 4. c4 d4 5. e4 Bg7 6. d3 Nc6 7. O-O e5 8. Nbd2 Nge7
9. Nh4 O-O 10. a3 a5 11. f4 exf4 12. gxf4 f6 13. Ndf3 h6 14. Qe1 g5 0-1

[Event "AUTO-OPEN-3481"]
[Site "http://www.queenalice.com/game.php?id=1384485"]
[Date "2015.9.21"]
[Round "2"]
[White "favelas1"]
[Black "valdekovic"]
[Result "1-0"]
[WhiteElo "2366"]
[BlackElo "1801"]

1. e4 c5 2. Nf3 d6 3. d4 cxd4 4. Nxd4 Nf6 5. Nc3 a6 6. Bg5 e5 7. Bxf6 gxf6 8.
Nb3 Be6 9. Qd3 Nc6 10. Nd5 Be7 11. c3 Rg8 12. g3 Qd7 13. Bg2 Bxd5 14. exd5 1-0